| 000 | 00378nam a2200145Ia 4500 | ||
|---|---|---|---|
| 008 | 230917s9999||||xx |||||||||||||| ||und|| | ||
| 040 |
_e49096 _aMAIN |
||
| 041 | _aEnglish | ||
| 082 | _a821.8 E46M:W | ||
| 100 | _aMartin, Jay, ed. | ||
| 245 | 0 | _aWaste land: A collection of critical essays | |
| 260 |
_aNew Jersey _bPrentice Hall _c1968 |
||
| 300 | _aviii, 112 p. | ||
| 942 | _cBK | ||
| 999 |
_c56537 _d56537 |
||